<Le> Bestaire, la parodie et le libertinage dans Tanzaï et Néadarné de Crébillon fils

Zvieratá ako integrálna súčasť rozprávok. Obraz zvierat v libertínskej rozprávke z 18. storočia. Zvieratá ako nástroj paródie a satiry.

Enregistré dans:
Détails bibliographiques
Auteur principal: Tureková, Andrea, 1979-
Format: Chapitre de livre
Langue:français
Sujets:
Tags: Ajouter un tag
Pas de tags, Soyez le premier à ajouter un tag!

MARC

LEADER 00000nla a2200000 4500
001 0247811
005 20240502073950.7
041 0 |a fre 
044 |a SK 
245 1 0 |a <Le> Bestaire, la parodie et le libertinage dans Tanzaï et Néadarné de Crébillon fils  |c Andrea Tureková 
520 |a Zvieratá ako integrálna súčasť rozprávok. Obraz zvierat v libertínskej rozprávke z 18. storočia. Zvieratá ako nástroj paródie a satiry. 
610 2 0 |a literatúra 
610 2 0 |a jazyky cudzie 
610 2 0 |a francúzština 
100 1 |a Tureková, Andrea, 1979-